|
|
|
|
| LEADER |
00000nta a2200000 i 4500 |
| 001 |
dolg45307 |
| 005 |
20230525143039.0 |
| 008 |
230525suuuu hu om 000 hun d |
| 040 |
|
|
|a BGE Dolgozattár Repozitórium
|b hun
|
| 041 |
|
|
|a hu
|
| 100 |
1 |
|
|a Kiséry Balázs
|
| 245 |
1 |
0 |
|a Szoftver mint szellemi termék beszerzése egy multinacionális nagyvállalat példáján (MOL)
|c Kiséry Balázs
|h [elektronikus dokumentum]
|
| 695 |
|
|
|a Szoftver beszerzés
|
| 695 |
|
|
|a Szellemi termék
|
| 700 |
1 |
|
|a Nincs adat Nincs adat
|e ths
|
| 856 |
4 |
0 |
|u http://dolgozattar.uni-bge.hu/45307/1/D_15575_Kis%C3%A9ry%20Bal%C3%A1zs%20ANNG.pdf
|z Dokumentum-elérés
|